000 00641nam a2200205Ii 4500
003 JO-AjNU
008 230605s9999||||xx |||||||||||||| ||und||
040 _aJO-AjNU
_bara
_erda
_cJO-AjNU
041 _aara
050 1 4 _aDS109.9.K43 2004
100 3 _aتاليف الخياط، عبد العزيز عزت,
_eauthor
_941239
245 0 0 _aعبق القدس
250 _aط1
264 3 1 _aعمان: دار المتقدمة للنشر والتوزيع، 2004
300 _a127ص
336 _atext
_btxt
_2rdacontent
337 _aunmediated
_bn
_2rdamedia
338 _avolume
_bnc
_2rdacarrier
650 4 _aالقدس- تاريخ
_941240
999 _aA17566
_c21134
_d21134